Statistics for Webtoon Series

Click here to take the quiz!

General Stats

  • This quiz has been taken 137 times
  • The average score is 5 of 12

Answer Stats

SummarySeries% Correct
Shy girl masters make upTrue Beauty
83%
Secret life of the greek godsLore Olympus
73%
High School boy tries hiding his powersunOrdinary
64%
Video game girl meets a famous dudeLet's Play
56%
A depressed girl meets 2 opposite brothersI Love Yoo
38%
What's happening inside a girl's brainYumi's Cells
38%
A cursed girl who transforms when she kissesA good day to be a dog
28%
Girl joins friend group with pretty girlsOdd girl out
25%
Opposites attract in a online RPGWinter Moon
21%
2 magical kids who miss their busHooky
20%
All you need is a kiss and your memories all erasedSiren's Lament
15%
2 high schoolers falling in love, one had a head injuryWhere Tangents Meet
6%

Score Distribution

Percentile by Number Answered

Percent of People with Each Score

Your Score History

You have not taken this quiz